Erasmus +, mobilita učiteľov vysokých škôl - prednáškový pobyt v Dánsku
V dňoch 24.-30. marca v rámci programu Erasmus + Mobilita učiteľov vysokých škôl sa konala prednáška pre dánskych a zahraničných študentov na témy marketingu, medzinárodného predaja a marketingu, projektového manažmentu, sektorov národného hospodárstva na Slovensku a vzdelávacieho systému na Slovens...
Guardado en:
| Autor principal: | |
|---|---|
| Formato: | Capítulo de libro |
| Lenguaje: | eslovaco |
| Materias: | |
| Etiquetas: |
Sin Etiquetas, Sea el primero en etiquetar este registro!
|
MARC
| LEADER | 00000naa a2200000 4500 | ||
|---|---|---|---|
| 001 | 0257402 | ||
| 005 | 20240502074101.9 | ||
| 041 | 0 | |a slo | |
| 044 | |a SK | ||
| 245 | 1 | 0 | |a Erasmus +, mobilita učiteľov vysokých škôl - prednáškový pobyt v Dánsku |c Zuzana Hrdličková |
| 520 | |a V dňoch 24.-30. marca v rámci programu Erasmus + Mobilita učiteľov vysokých škôl sa konala prednáška pre dánskych a zahraničných študentov na témy marketingu, medzinárodného predaja a marketingu, projektového manažmentu, sektorov národného hospodárstva na Slovensku a vzdelávacieho systému na Slovensku. | ||
| 610 | 2 | 0 | |a Dánsko |
| 610 | 2 | 0 | |a Slovensko |
| 610 | 2 | 0 | |a vzdelávanie |
| 610 | 2 | 0 | |a programy študijné |
| 100 | 1 | |a Hrdličková, Zuzana | |